000 00749nam a22002297a 4500
005 20170124110122.0
010 _aA-895082
020 _c00.00
_a8170996759
035 _aA-895082
037 _bCen Lib/Ret
040 _aDPL
_bEN
082 _a923.2
_bKHA
100 _aKhanna, S. K.
_98960
245 _aSeasoned diplomat to scholar prime minister :
_cby S. K. Khanna
_b profile of I.K. Gujral /
260 _bNew Delhi
_aMittal Publication
_c1997
270 _bNew Delhi
_aA-110, Mohan Garden
_e110059
300 _a255p.
_c21cm(Hb)
500 _aIncludes index
650 _aIndia -- Politics and government -- 1977-
_937
650 _aGujral, I. K. -- (Inder Kumar), -- 1919-2012
_930702
942 _2ddc
_cEN
_h923.2
_mKHA
999 _c131059
_d131059